000 00647nam a2200229Ia 4500
003 OSt
005 20221007064809.0
006 a|||||r|||| 00| 0
007 ta
008 221006b |||||||| |||| 00| 0 eng d
024 _a12,215
037 _cReference Collections
040 _aFLL
_cFLL
_beng
041 _2eng
_aeng
082 _aV2,31:3:N7, L7
100 _aShakdher S.L. Au.
_9686186
245 0 _aGlimpses of the working of parliament
260 _aDelhi
_bMetropolitan India
_c1977
300 _a396p
_ccm.
942 _hV2,31:3:N7, L7
_cREF
_2CC
999 _c1135381
_d1135381